[Event "50th Sparkassen Open A"]
[Site "Dortmund GER"]
[Date "2023.06.30"]
[Round "7.2"]
[White "Aryan, Chopra"]
[Black "Raja, Harshit"]
[Result "1-0"]
[WhiteTitle "GM"]
[BlackTitle "GM"]
[WhiteElo "2626"]
[BlackElo "2510"]
[WhiteFideId "5084423"]
[BlackFideId "5089000"]
[EventDate "2023.06.24"]

1. e4 e5 2. Nf3 Nf6 3. Nxe5 d6 4. Nf3 Nxe4 5. d4 d5 6. Bd3 Bd6 7. O-O O-O 8. c4
c6 9. Qc2 h6 10. c5 Bc7 11. Nc3 Nd7 12. Nxe4 dxe4 13. Bxe4 Nf6 14. Bf5 Qd5 15.
Bxc8 Raxc8 16. Qb3 Qxb3 17. axb3 a6 18. Re1 Nd5 19. Bd2 f6 20. Ba5 Rfd8 21. Bc3
Kf7 22. Nd2 Rd7 23. Nc4 g5 24. g3 h5 25. Kg2 Bb8 26. Re4 Re8 27. Rxe8 Kxe8 28.
Ne3 Kf7 29. Re1 Bc7 30. h3 Ne7 31. g4 h4 32. Kf3 Ng6 33. Nf5 Nf4 34. Rh1 Ne6 35.
b4 Rd8 36. Re1 Re8 37. Bd2 Bb8 38. Re4 Bc7 39. b3 Kg6 40. Ke3 Kf7 41. Kd3 Rd8
42. Kc4 Bb8 43. Re1 Bc7 44. Be3 Bb8 45. Rd1 Rd5 46. Bc1 Be5 47. Bb2 Bf4 48. Bc3
Nc7 49. Bd2 Ne6 50. Be3 Bc7 51. Rd3 Ng7 52. Nxg7 Kxg7 53. Rd1 f5 54. gxf5 Rxf5
55. Rg1 Kg6 56. Rg4 Rf3 57. Rxg5+ Kf6 58. Rg4 Rxh3 59. Bg5+ Kf5 60. Rxh4 Rxh4
61. Bxh4 Ke4 62. Be7 Bf4 63. f3+ Kxf3 64. d5 cxd5+ 65. Kxd5 Bd2 66. Kd6 Ke4 67.
Kc7 Bxb4 68. Kxb7 Kd5 1-0

[Event "50th Sparkassen Open A"]
[Site "Dortmund GER"]
[Date "2023.06.30"]
[Round "7.3"]
[White "Svane, Frederik"]
[Black "Samunenkov, Ihor"]
[Result "1-0"]
[WhiteTitle "GM"]
[BlackTitle "IM"]
[WhiteElo "2603"]
[BlackElo "2499"]
[WhiteFideId "12923044"]
[BlackFideId "14187086"]
[EventDate "2023.06.24"]

1. e4 c6 2. d4 d5 3. Nc3 dxe4 4. Nxe4 Bf5 5. Ng3 Bg6 6. Be3 Nf6 7. h4 h6 8. Bd3
Bxd3 9. Qxd3 Qa5+ 10. Bd2 Qa6 11. c4 e6 12. Nf3 Be7 13. O-O O-O 14. a4 Nbd7 15.
b4 b6 16. Rfe1 Rfe8 17. Ne5 Qc8 18. Qf3 c5 19. Nc6 Bd6 20. dxc5 Bxg3 21. fxg3 e5
22. b5 e4 23. Qf5 Nxc5 24. Qxc8 Raxc8 25. Be3 Nd3 26. Re2 Rc7 27. a5 Nd7 28. Rd1
N7c5 29. Bxc5 Nxc5 30. Rd5 Nb7 31. a6 Nc5 32. Rd6 Kh7 33. Kf2 e3+ 34. Kf3 Rec8
35. Rxe3 f5 36. Ne7 Re8 37. Nd5 Rcc8 38. Re7 Rxe7 39. Nxe7 Rc7 40. Nd5 Rf7 41.
Rc6 Nd3 42. Ke3 Ne5 43. Kd4 1-0

[Event "50th Sparkassen Open A"]
[Site "Dortmund GER"]
[Date "2023.06.30"]
[Round "7.4"]
[White "Adams, Michael"]
[Black "Seemann, Jakub"]
[Result "1/2-1/2"]
[WhiteTitle "GM"]
[BlackTitle "FM"]
[WhiteElo "2666"]
[BlackElo "2446"]
[WhiteFideId "400041"]
[BlackFideId "21874697"]
[EventDate "2023.06.24"]

1. e4 c5 2. Nf3 d6 3. d4 cxd4 4. Qxd4 Nc6 5. Bb5 Bd7 6. Qd3 g6 7. c4 Bg7 8. Nc3
Nf6 9. O-O O-O 10. h3 a6 11. Bxc6 Bxc6 12. Nd4 Nd7 13. Be3 Nc5 14. Qc2 Bd7 15.
Rfd1 b5 16. cxb5 axb5 17. Ndxb5 Bxb5 18. Nxb5 Qa5 19. Nd4 Rfc8 20. f3 Rab8 21.
Qd2 Qxd2 22. Rxd2 Ra8 23. Rc2 Rcb8 24. a3 Nd3 25. Rb1 Bxd4 26. Bxd4 Rxa3 27.
bxa3 Rxb1+ 28. Kh2 e5 29. Bc3 Rb3 30. a4 Ra3 31. a5 f5 32. exf5 gxf5 33. Bd2 e4
34. fxe4 fxe4 35. Rc6 d5 36. Rf6 h5 37. Rd6 Ra2 38. Bc3 Ra3 39. Bd2 Ra2 40. Bc3
Ra3 41. Bd2 1/2-1/2

[Event "50th Sparkassen Open A"]
[Site "Dortmund GER"]
[Date "2023.06.30"]
[Round "7.6"]
[White "Svane, Rasmus"]
[Black "Vogel, Roven"]
[Result "1-0"]
[WhiteTitle "GM"]
[BlackTitle "IM"]
[WhiteElo "2616"]
[BlackElo "2458"]
[WhiteFideId "4657101"]
[BlackFideId "12908088"]
[EventDate "2023.06.24"]

1. d4 d5 2. Nf3 Nf6 3. Bf4 c5 4. e3 Nc6 5. Nbd2 Bg4 6. c3 e6 7. Qb3 Qc8 8. h3
Bh5 9. Be2 Be7 10. dxc5 Bxc5 11. g4 Bg6 12. Nh4 Ne4 13. Nxg6 Nxd2 14. Kxd2 hxg6
15. Rad1 a6 16. h4 Qd7 17. Kc1 O-O-O 18. h5 Bd6 19. Qa4 Ne7 20. Qxd7+ Kxd7 21.
Bxd6 Kxd6 22. e4 gxh5 23. exd5 exd5 24. gxh5 g6 25. Bf3 gxh5 26. Bxh5 f6 27. a4
a5 28. Bf3 Rxh1 29. Rxh1 b6 30. Rh6 Ke5 31. Kd2 Nf5 32. Rh7 Nd6 33. Re7+ Kf4 34.
Ke2 Nc4 35. b3 Ne5 36. Re6 f5 37. Bg2 Rc8 38. Kd2 Nd7 39. Bxd5 Rd8 40. c4 Rb8
41. Kc3 Nc5 42. Rc6 Na6 43. Rd6 Ke5 44. Re6+ Kf4 45. Kd4 Nc5 46. Rxb6 Rxb6 47.
Kxc5 Rxb3 48. Kd6 Rb6+ 49. Bc6 Rb2 50. c5 Rxf2 51. Bd5 Rc2 52. c6 Ke3 53. c7
Rxc7 54. Kxc7 Kd4 55. Kd6 f4 56. Kc6 1-0

[Event "50th Sparkassen Open A"]
[Site "Dortmund GER"]
[Date "2023.06.30"]
[Round "7.7"]
[White "Guo, Arthur"]
[Black "Wagner, Dennis"]
[Result "1/2-1/2"]
[WhiteTitle "IM"]
[BlackTitle "GM"]
[WhiteElo "2445"]
[BlackElo "2598"]
[WhiteFideId "30903114"]
[BlackFideId "24650684"]
[EventDate "2023.06.24"]

1. e4 c5 2. Nf3 Nc6 3. d4 cxd4 4. Nxd4 Nf6 5. Nc3 e5 6. Ndb5 d6 7. Bg5 a6 8. Na3
b5 9. Bxf6 gxf6 10. Nd5 f5 11. g3 fxe4 12. Bg2 Be6 13. Bxe4 Bg7 14. Qh5 Rc8 15.
O-O Ne7 16. Rad1 Nxd5 17. Bxd5 O-O 18. Qe2 Rc5 19. Bxe6 fxe6 20. c4 d5 21. cxb5
Qb6 22. Rc1 Rxc1 23. Rxc1 axb5 24. Nxb5 e4 25. a4 Bh6 26. Re1 Qc5 27. Kg2 Kh8
28. Ra1 Bg7 29. Rb1 Qb4 30. Qc2 h6 31. b3 Rf3 32. Qc8+ Kh7 33. Rf1 Qxb3 34. Qxe6
Rf6 35. Qe7 Qxa4 36. Nc7 Qb3 37. Ne6 Qf3+ 38. Kg1 Rf7 39. Qc5 Qf5 40. Nxg7 Kxg7
41. Rd1 Rd7 42. Qc8 Qe6 43. Qc5 1/2-1/2

[Event "50th Sparkassen Open A"]
[Site "Dortmund GER"]
[Date "2023.06.30"]
[Round "7.8"]
[White "Safarli, Eltaj"]
[Black "Janzelj, Tim"]
[Result "1-0"]
[WhiteTitle "GM"]
[BlackTitle "IM"]
[WhiteElo "2609"]
[BlackElo "2453"]
[WhiteFideId "13402129"]
[BlackFideId "14607913"]
[EventDate "2023.06.24"]

1. e4 e6 2. d4 d5 3. Nd2 c5 4. exd5 Qxd5 5. dxc5 Nf6 6. Ngf3 Qxc5 7. Bd3 Nbd7 8.
O-O Be7 9. a4 Qc7 10. Nb3 O-O 11. a5 Bd6 12. Ra4 Rd8 13. Rc4 Qb8 14. Re1 Nf8 15.
Rd4 e5 16. Nxe5 Ne6 17. Ng4 Ne8 18. Rde4 Bd7 19. a6 bxa6 20. Qf3 Qb6 21. Be3 Qc6
22. Nd4 Nxd4 23. Bxd4 f5 24. Nh6+ gxh6 25. Rg4+ Kf8 26. Qe3 Bb4 27. c3 Qe6 28.
Qd2 Qc6 29. cxb4 fxg4 30. Qf4+ Kg8 31. Bxh7+ 1-0

[Event "50th Sparkassen Open A"]
[Site "Dortmund GER"]
[Date "2023.06.30"]
[Round "7.9"]
[White "Kobo, Ori"]
[Black "Souhardo, Basak"]
[Result "1-0"]
[WhiteTitle "GM"]
[BlackTitle "IM"]
[WhiteElo "2556"]
[BlackElo "2400"]
[WhiteFideId "2812320"]
[BlackFideId "35092910"]
[EventDate "2023.06.24"]

1. e4 c5 2. Nc3 d6 3. Bb5+ Bd7 4. Be2 Nf6 5. Nf3 Nc6 6. d4 cxd4 7. Nxd4 g6 8.
Be3 Bg7 9. Qd2 Ng4 10. Bxg4 Bxg4 11. f3 Bd7 12. Nxc6 bxc6 13. Bd4 f6 14. O-O O-O
15. Rab1 Qc7 16. Rfd1 Rfd8 17. Be3 Be6 18. Qe1 Bf7 19. b4 d5 20. b5 e5 21. b6
Qe7 22. exd5 cxd5 23. bxa7 Bf8 24. Bb6 Rd7 25. Nb5 Qe6 26. Nc7 Rxc7 27. Bxc7
Rxa7 28. Ba5 Qc6 29. Kh1 Qxc2 30. Rdc1 Qf5 31. Rb8 Kg7 32. Bb4 Bxb4 33. Qxb4 g5
34. Rb7 Rxa2 35. Qe7 Qg6 36. h3 Ra8 37. Rcc7 Rf8 38. Rb6 e4 39. fxe4 dxe4 40.
Re6 g4 41. Rxe4 gxh3 42. gxh3 h5 43. Re2 Qf5 44. Rg2+ Kh7 45. Rc3 Qb1+ 46. Rg1
Qb8 47. Rf3 Qd8 48. Qxd8 Rxd8 49. Rxf6 Rd7 50. Rg5 Rb7 51. Kh2 Ra7 52. Kg3 Ra3+
53. Rf3 Rxf3+ 54. Kxf3 Kh6 55. Re5 Kg6 56. Kf4 Bb3 57. Rg5+ Kh6 58. Rb5 Bd1 59.
Rb6+ Kg7 60. Rb1 Bc2 61. Rc1 Bd3 62. Rd1 Bc4 63. Kg5 Be2 64. Rd7+ Kg8 65. Kg6
Kf8 66. Rd2 Bc4 67. Kxh5 Be6 68. Rd3 Kg7 69. Kg5 Kh7 70. Re3 Ba2 71. Re7+ Kh8
72. Kh6 Bg8 73. Kg6 Bc4 74. Rh7+ Kg8 75. Rg7+ Kh8 76. Kh6 Bg8 77. h4 Bc4 78.
Rh7+ Kg8 79. Rc7 Bd3 80. Rc8+ Kf7 81. Rc3 Be4 82. Re3 Bc2 83. Rg3 Be4 84. Kg5
Bg6 85. Kf4 Kf6 86. Rg5 Bc2 87. h5 Kf7 1-0

[Event "50th Sparkassen Open A"]
[Site "Dortmund GER"]
[Date "2023.06.30"]
[Round "7.11"]
[White "Pranav, Anand"]
[Black "Wadsworth, Matthew J"]
[Result "1/2-1/2"]
[WhiteTitle "GM"]
[BlackTitle "IM"]
[WhiteElo "2510"]
[BlackElo "2431"]
[WhiteFideId "46626786"]
[BlackFideId "415804"]
[EventDate "2023.06.24"]

1. e4 e6 2. d4 d5 3. Nc3 Nf6 4. e5 Nfd7 5. f4 c5 6. Nf3 Nc6 7. Be3 Be7 8. Qd2 a6
9. Bd3 b5 10. O-O b4 11. Nd1 O-O 12. c3 bxc3 13. bxc3 cxd4 14. cxd4 f5 15. exf6
Nxf6 16. Nf2 Bd7 17. Ne5 Be8 18. Rac1 Na5 19. Qe2 Bb5 20. Bxb5 axb5 21. Qxb5 Nc4
22. Nxc4 dxc4 23. Qxc4 Qd5 24. a4 Rfb8 25. Bd2 Rb2 26. Qd3 Rxa4 27. Rc8+ Bf8 28.
Bc3 Rba2 29. Rb1 Ra8 30. Rxa8 Rxa8 31. h3 Qc6 32. Bd2 Ra3 33. Qe2 Ra4 34. Rc1
Qd7 35. Rc4 Ra2 36. Qe1 Qd5 37. Rc8 Kf7 38. Rc7+ Kg8 39. Rc8 Kf7 40. Rc7+ Kg8
41. Rc3 Bd6 42. Rd3 Kf7 43. Qe3 Ra1+ 44. Kh2 g5 45. Qf3 Ra2 46. Qd1 gxf4 47. Kg1
Ne4 48. Nxe4 Qxe4 49. Qh5+ Ke7 50. Qg5+ Kd7 51. Qg7+ Be7 52. Bb4 Ra1+ 53. Kh2
Qxd3 54. Qxe7+ Kc6 55. Qd6+ Kb5 56. Qc5+ Ka4 57. Qa5+ Kb3 58. Qxa1 Qg3+ 59. Kh1
Kxb4 60. Qb2+ Kc4 61. Qe2+ Kxd4 62. Qxe6 h5 1/2-1/2

[Event "50th Sparkassen Open A"]
[Site "Dortmund GER"]
[Date "2023.06.30"]
[Round "7.12"]
[White "Harikrishnan, A. Ra"]
[Black "Raja, Rithvik R"]
[Result "0-1"]
[WhiteTitle "IM"]
[BlackTitle "GM"]
[WhiteElo "2400"]
[BlackElo "2488"]
[WhiteFideId "5081483"]
[BlackFideId "35007394"]
[EventDate "2023.06.24"]

1. d4 Nf6 2. c4 e6 3. Nf3 d5 4. g3 dxc4 5. Bg2 a6 6. Ne5 Bb4+ 7. Nc3 Nd5 8. O-O
O-O 9. Ne4 Nb6 10. e3 N8d7 11. Nxd7 Bxd7 12. Bd2 Be7 13. Nc5 Bxc5 14. dxc5 Nd5
15. Qc2 Qe7 16. e4 Nf6 17. e5 Nd5 18. Be4 h6 19. Qc1 Bc6 20. Re1 Qxc5 21. Bxh6
f5 22. exf6 Rxf6 23. Be3 Nxe3 24. Qxe3 Qxe3 25. Rxe3 Bd5 26. Rd1 c6 27. f4 b5
28. h4 Kf7 29. Bg2 Rd8 30. Ra3 Ra8 31. Ra5 Ke7 32. a4 Rff8 33. Ra1 Bxg2 34. Kxg2
Rfd8 35. axb5 cxb5 36. Kh3 Rd2 37. R1a2 Kf6 38. h5 Kf5 39. Rxb5+ axb5 40. Rxa8
Rxb2 41. Rc8 Rb1 42. Rc7 Rh1+ 43. Kg2 Rxh5 44. Kf3 Kf6 45. g4 Rd5 46. g5+ Kg6
47. Ke4 b4 48. Rxc4 Rb5 49. Rc2 b3 50. Rb2 Rb4+ 51. Ke5 Rb6 0-1

[Event "50th Sparkassen Open A"]
[Site "Dortmund GER"]
[Date "2023.06.30"]
[Round "7.13"]
[White "Bluebaum, Matthias"]
[Black "Priyanka, Nutakki"]
[Result "1-0"]
[WhiteTitle "GM"]
[BlackTitle "WGM"]
[WhiteElo "2672"]
[BlackElo "2352"]
[WhiteFideId "24651516"]
[BlackFideId "25049615"]
[EventDate "2023.06.24"]

1. Nf3 d5 2. e3 Nf6 3. c4 e6 4. Nc3 a6 5. b3 c5 6. cxd5 exd5 7. g3 d4 8. Ne2 Nc6
9. Bg2 Be7 10. O-O h5 11. exd4 cxd4 12. Bb2 Bg4 13. h3 Bxf3 14. Bxf3 h4 15. g4
Bc5 16. Qc2 Qd6 17. Rac1 Nd7 18. Bxc6 bxc6 19. Qe4+ Kf8 20. Nxd4 Re8 21. Qxc6
Qxc6 22. Nxc6 Rh6 23. Nd4 Bxd4 24. Bxd4 Rd6 25. Be3 Rd5 26. Kg2 a5 27. Rc4 Kg8
28. Rfc1 Kh7 29. Rd4 Rxd4 30. Bxd4 Re4 31. Be3 Ne5 32. Rc5 1-0

[Event "50th Sparkassen Open A"]
[Site "Dortmund GER"]
[Date "2023.06.30"]
[Round "7.15"]
[White "Dolzhykova, Kateryna"]
[Black "Prohaszka, Peter2"]
[Result "0-1"]
[WhiteTitle "WIM"]
[BlackTitle "GM"]
[WhiteElo "2321"]
[BlackElo "2585"]
[WhiteFideId "14113414"]
[BlackFideId "726265"]
[EventDate "2023.06.24"]

1. e4 c6 2. d3 d5 3. Nd2 e5 4. Ngf3 Bd6 5. d4 exd4 6. Bd3 Nd7 7. O-O Nc5 8. exd5
Nxd3 9. cxd3 Ne7 10. Ne4 O-O 11. Bg5 f6 12. dxc6 Nxc6 13. Qb3+ Rf7 14. Bh4 Be7
15. Rfe1 g5 16. Bg3 g4 17. Nh4 f5 18. Nxf5 Bxf5 19. Qxb7 Rc8 20. Qb3 Qb6 21. Qd1
Qxb2 22. Bd6 Rcf8 23. Rb1 Qxa2 24. Bxe7 Rxe7 25. Qc1 Bxe4 26. Rb2 Qf7 27. Rxe4
Rxe4 28. Qg5+ Qg6 0-1

[Event "50th Sparkassen Open A"]
[Site "Dortmund GER"]
[Date "2023.06.30"]
[Round "7.16"]
[White "Laurent-Paoli, Pierre"]
[Black "Gaal, Zsoka"]
[Result "1-0"]
[WhiteTitle "IM"]
[BlackTitle "WIM"]
[WhiteElo "2552"]
[BlackElo "2328"]
[WhiteFideId "26017962"]
[BlackFideId "777765"]
[EventDate "2023.06.24"]

1. e4 e5 2. Nf3 Nc6 3. Bb5 a6 4. Ba4 Nf6 5. O-O Be7 6. d3 d6 7. c4 O-O 8. h3 h6
9. Nc3 Be6 10. Be3 Nh7 11. Nd5 f5 12. exf5 Bxf5 13. d4 Be4 14. Nd2 Bxd5 15. cxd5
exd4 16. dxc6 dxe3 17. cxb7 exf2+ 18. Rxf2 Rb8 19. Qb3+ Kh8 20. Rxf8+ Bxf8 21.
Bc6 Nf6 22. Nf3 Nd7 23. Re1 Ne5 24. Nxe5 dxe5 25. Be4 Qd4+ 26. Kh2 Bb4 27. Re2
Bc5 28. Qf3 Qg1+ 29. Kg3 Qc1 30. Qf5 Kg8 31. Qc8+ Kf7 32. Qxc7+ Kf6 33. Qc6+ Ke7
34. h4 g5 35. Qc7+ Kf6 36. Qc6+ Ke7 37. Kg4 Qf4+ 38. Kh5 Bd6 39. g3 Qf7+ 40. Bg6
Qf6 41. Qe4 Rf8 42. Rc2 Qe6 43. Qc4 Qh3 44. Qg4 Qxg4+ 45. Kxg4 gxh4 46. Kxh4 Rg8
47. Be4 h5 48. Kxh5 Rxg3 49. Rc8 Re3 50. Bc6 e4 51. Re8+ Kf6 52. Bxe4 Re2 53. b3
a5 54. a4 Re3 55. Rd8 Bc7 56. Bc6 Rxb3 57. Bb5 Rh3+ 58. Kg4 Rg3+ 59. Kh4 Bxd8
60. b8=Q Rg8 61. Kh3 Kf5 62. Bd3+ Kf6 63. Qd6+ Kg7 64. Qd7+ Kf6 65. Bc4 Rh8+ 66.
Kg4 1-0

[Event "50th Sparkassen Open A"]
[Site "Dortmund GER"]
[Date "2023.06.30"]
[Round "7.17"]
[White "Tobak, Mikhail"]
[Black "Papp, Gabor1"]
[Result "1-0"]
[WhiteTitle "FM"]
[BlackTitle "GM"]
[WhiteElo "2316"]
[BlackElo "2558"]
[WhiteFideId "14165570"]
[BlackFideId "718602"]
[EventDate "2023.06.24"]

1. e4 e5 2. Nf3 Nc6 3. Bb5 a6 4. Ba4 Nf6 5. O-O Be7 6. Re1 b5 7. Bb3 d6 8. c3
O-O 9. h3 Nb8 10. d4 Nbd7 11. c4 c6 12. Bg5 Re8 13. c5 exd4 14. Nxd4 Qc7 15.
cxd6 Bxd6 16. Nd2 c5 17. Nf5 Bh2+ 18. Kh1 c4 19. Nf3 cxb3 20. Nxh2 bxa2 21. Ng4
Nxg4 22. Qxg4 Nf8 23. Rxa2 Qe5 24. Bd2 Bxf5 25. exf5 Qd6 26. Rd1 Rad8 27. Raa1
Qc6 28. Bc3 f6 29. Rdc1 Rc8 30. Re1 Qb6 31. Kg1 Rxe1+ 32. Rxe1 Rc4 33. Qd1 Qc5
34. Re8 b4 35. Qe2 Kf7 36. Rb8 h6 37. Qe8+ Kg8 38. Rb7 Qd5 39. Qe7 Qxb7 40. Qxb7
bxc3 41. Qd5+ 1-0

[Event "50th Sparkassen Open A"]
[Site "Dortmund GER"]
[Date "2023.06.30"]
[Round "7.18"]
[White "Samant, Aditya S"]
[Black "Zeller, Frank"]
[Result "1/2-1/2"]
[WhiteTitle "IM"]
[BlackTitle "IM"]
[WhiteElo "2503"]
[BlackElo "2337"]
[WhiteFideId "35080580"]
[BlackFideId "4613007"]
[EventDate "2023.06.24"]

1. e4 c5 2. Nf3 Nc6 3. Bb5 g6 4. O-O Bg7 5. Re1 Nf6 6. c3 O-O 7. d4 d5 8. e5 Ne4
9. Be3 Qb6 10. Qe2 cxd4 11. cxd4 Bd7 12. a4 a6 13. Bd3 Nb4 14. Nc3 Nxc3 15. bxc3
Nxd3 16. Qxd3 Rac8 17. a5 Qc7 18. Ra3 Bb5 19. Qd2 Qc4 20. Bh6 Qd3 21. Qc1 Qf5
22. Bxg7 Kxg7 23. Re3 Rc6 24. Ra1 Rfc8 25. Qd2 R8c7 26. Rc1 b6 27. Nh4 Qg5 28.
g3 bxa5 29. f4 Qh5 30. h3 Kf8 31. Qf2 g5 32. fxg5 Qxg5 33. Kh2 Bd3 34. Nf3 Qf5
35. Qd2 Be4 36. Nh4 Qg5 37. Qf2 Ke8 38. Qe1 Bg6 39. Nf3 Qf5 40. Nh4 Qg5 41. Nxg6
Qxg6 42. Qf2 Rb7 43. Qg2 e6 44. c4 Rb4 45. Rec3 Rbxc4 46. Rxc4 Rxc4 47. Rxc4
dxc4 48. Qc6+ Kf8 49. Qxc4 Kg7 50. h4 Qe4 51. Qxa6 Qc2+ 52. Kh3 a4 53. d5 Qf5+
54. Kh2 exd5 55. Qxa4 Qxe5 56. Qg4+ Kf6 57. Qg8 Qe2+ 58. Kh3 Qe4 59. Qd8+ Kf5
60. Qc8+ Qe6 61. Qc2+ Kf6+ 62. Kh2 Qe4 63. Qc6+ Kg7 64. Qc5 h6 65. Qc3+ d4 66.
Qb2 Qe3 67. Kg2 Kg6 68. Qb6+ f6 69. Qd8 Qe2+ 70. Kh3 Qf1+ 71. Kh2 d3 72. Qg8+
Kf5 73. Qd5+ Kg6 74. h5+ Kg7 75. Qd7+ Kg8 1/2-1/2

[Event "50th Sparkassen Open A"]
[Site "Dortmund GER"]
[Date "2023.06.30"]
[Round "7.19"]
[White "Korneev, Oleg"]
[Black "Woelk, Tom-Frederic"]
[Result "1/2-1/2"]
[WhiteTitle "GM"]
[BlackTitle "FM"]
[WhiteElo "2466"]
[BlackElo "2318"]
[WhiteFideId "4156803"]
[BlackFideId "12993077"]
[EventDate "2023.06.24"]

1. e4 e5 2. Nf3 Nc6 3. Bb5 a6 4. Ba4 Nf6 5. O-O b5 6. Bb3 Bc5 7. Nc3 O-O 8. d3
h6 9. Nd5 d6 10. a4 Rb8 11. axb5 axb5 12. c3 Nxd5 13. Bxd5 Ne7 14. Bb3 Ng6 15.
d4 Bb6 16. dxe5 dxe5 17. Qxd8 Rxd8 18. Be3 Kf8 19. h4 f6 20. Bxb6 Rxb6 21. g3 1/2-1/2

[Event "50th Sparkassen Open A"]
[Site "Dortmund GER"]
[Date "2023.07.01"]
[Round "8.1"]
[White "Svane, Frederik"]
[Black "Aryan, Chopra"]
[Result "1-0"]
[WhiteTitle "GM"]
[BlackTitle "GM"]
[WhiteElo "2603"]
[BlackElo "2626"]
[WhiteFideId "12923044"]
[BlackFideId "5084423"]
[EventDate "2023.06.24"]

1. e4 c5 2. Nf3 d6 3. d4 cxd4 4. Nxd4 Nf6 5. Nc3 Nc6 6. Bg5 e6 7. Qd2 a6 8.
O-O-O Bd7 9. Kb1 Nxd4 10. Qxd4 Be7 11. f4 Bc6 12. f5 Qa5 13. Bc4 exf5 14. Bd5
O-O 15. Bxc6 bxc6 16. Rhf1 fxe4 17. Nxe4 c5 18. Qd3 Nxe4 19. Bxe7 Rfe8 20. Qxe4
Ra7 21. Bd8 Qxd8 22. Qc6 Re6 23. Qxc5 Qb8 24. Qd4 g6 25. b3 Rae7 26. Rf2 h5 27.
h3 Re1 28. Rxe1 Rxe1+ 29. Kb2 Qc7 30. Rd2 Re6 31. a4 Kf8 32. Rd3 Qa5 33. Qd5 Qb6
34. Rc3 a5 35. Qd2 Re5 36. Qf4 Kg7 37. Rd3 Qc6 38. Qd2 h4 39. Rxd6 Qc5 40. Rd3
g5 41. Qc3 Qxc3+ 42. Kxc3 g4 43. hxg4 Re4 44. Rd4 Re3+ 45. Rd3 Re4 46. Rd5 Rxg4
47. Rxa5 Rxg2 48. Rh5 Rg4 49. a5 Kg6 50. Rh8 Kg7 51. Rh5 Kg6 52. Rh8 Kg7 53. Re8
h3 54. Re1 f5 55. b4 Kf6 56. a6 Re4 57. Ra1 h2 58. a7 Re3+ 59. Kb2 Re8 60. b5 1-0

[Event "50th Sparkassen Open A"]
[Site "Dortmund GER"]
[Date "2023.07.01"]
[Round "8.2"]
[White "Donchenko, Alexander"]
[Black "Svane, Rasmus"]
[Result "1/2-1/2"]
[WhiteTitle "GM"]
[BlackTitle "GM"]
[WhiteElo "2667"]
[BlackElo "2616"]
[WhiteFideId "24603295"]
[BlackFideId "4657101"]
[EventDate "2023.06.24"]

1. d4 Nf6 2. c4 e6 3. Nc3 Bb4 4. Nf3 c5 5. g3 cxd4 6. Nxd4 O-O 7. Bg2 d5 8. cxd5
Nxd5 9. Qb3 Nc6 10. Nxc6 bxc6 11. O-O Qa5 12. Ne4 Ba6 13. Qc2 h6 14. a3 Be7 15.
Bd2 Qb6 16. Rfc1 c5 17. Nxc5 Bxc5 18. Qxc5 Qxb2 19. Qc2 Qxc2 20. Rxc2 Rac8 21.
Rxc8 Rxc8 22. e4 Rc2 23. Bxh6 gxh6 24. exd5 exd5 25. Bxd5 Rd2 26. Be4 Bc4 27.
Kg2 a5 28. a4 Bd5 29. Re1 Bb3 30. Bc6 Rd4 31. Re5 Bxa4 32. Bf3 Bd1 33. Rxa5
Bxf3+ 34. Kxf3 Kg7 35. Rf5 Ra4 36. Rf4 Ra3+ 37. Kg4 Kg6 38. h3 h5+ 39. Kh4 Ra2
40. f3 Ra3 41. g4 hxg4 42. hxg4 f6 43. Kg3 Rb3 44. Rf5 Ra3 45. Rd5 Rb3 46. Kf4
Rb4+ 47. Ke3 Rb3+ 48. Ke4 Rb4+ 49. Rd4 Rxd4+ 50. Kxd4 f5 51. g5 Kxg5 52. Ke5 Kg6
53. f4 Kg7 54. Kxf5 Kf7 55. Ke5 Ke7 56. f5 Kf7 57. f6 Kf8 58. Ke6 Ke8 59. f7+
Kf8 60. Kf6 1/2-1/2

[Event "50th Sparkassen Open A"]
[Site "Dortmund GER"]
[Date "2023.07.01"]
[Round "8.3"]
[White "Raja, Rithvik R"]
[Black "Mendonca, Leon Luke"]
[Result "1/2-1/2"]
[WhiteTitle "GM"]
[BlackTitle "GM"]
[WhiteElo "2488"]
[BlackElo "2623"]
[WhiteFideId "35007394"]
[BlackFideId "35028561"]
[EventDate "2023.06.24"]

1. d4 d5 2. c4 c6 3. cxd5 cxd5 4. Nc3 Nf6 5. Nf3 Nc6 6. Bf4 Bf5 7. Qb3 Na5 8.
Qa4+ Bd7 9. Qc2 e6 10. e3 Rc8 11. Bd3 Bb4 12. O-O Nh5 13. Be5 f6 14. Bg3 g6 15.
Rfc1 Kf7 16. Qe2 Nxg3 17. hxg3 Qe7 18. Nd2 a6 19. e4 Bxc3 20. bxc3 Rc7 21. Nb3
Nxb3 22. axb3 1/2-1/2

[Event "50th Sparkassen Open A"]
[Site "Dortmund GER"]
[Date "2023.07.01"]
[Round "8.4"]
[White "Dudin, Gleb"]
[Black "Safarli, Eltaj"]
[Result "1-0"]
[WhiteTitle "IM"]
[BlackTitle "GM"]
[WhiteElo "2486"]
[BlackElo "2609"]
[WhiteFideId "34184934"]
[BlackFideId "13402129"]
[EventDate "2023.06.24"]

1. d4 Nf6 2. c4 e6 3. Nf3 d5 4. g3 dxc4 5. Bg2 Bd7 6. Ne5 Bc6 7. Nxc6 Nxc6 8. e3
Qd7 9. O-O Rd8 10. Qc2 e5 11. dxe5 Nxe5 12. Nd2 b5 13. a4 a6 14. axb5 axb5 15.
b3 Bb4 16. bxc4 O-O 17. cxb5 Bxd2 18. Rd1 Qxb5 19. Rxd2 Rxd2 20. Bxd2 Qe2 21.
Qd1 Qd3 22. Ba5 c5 23. Qxd3 Nxd3 24. Bf1 c4 25. Ra4 Nb2 26. Rb4 c3 27. Rb3 Na4
28. Bxc3 Nxc3 29. Rxc3 g6 30. Rc7 Rd8 31. Bb5 Rd2 32. f3 Rd5 33. Rb7 Rd1+ 34.
Kf2 Rb1 35. e4 Rb2+ 36. Ke3 Rb3+ 37. Ke2 Rb2+ 38. Kd1 Nd7 39. Bc6 Rxb7 40. Bxb7
Ne5 41. f4 Ng4 42. h3 Nf6 43. g4 h6 44. Bc6 Kf8 45. Ke2 Ke7 46. Kf3 Nh7 47. h4
Nf8 48. Bd5 Nd7 49. g5 hxg5 50. hxg5 Nb6 51. Ke3 Nc8 52. Kd4 Nb6 53. Bc6 Kd6 54.
Be8 Ke7 55. Kc5 Nc8 56. Bc6 Nd6 57. Kd5 Nc8 58. Kc5 Nd6 59. Kd5 Nc8 60. e5 Kf8
61. Kc5 Ne7 62. Bd7 Kg7 63. Kd6 Kf8 64. Bg4 Ke8 65. Bd7+ Kf8 66. Bg4 Ke8 67. e6
fxe6 68. Kxe6 Kf8 69. Kd6 Ke8 70. Bd7+ Kd8 71. Be6 Ke8 72. Kc7 1-0

[Event "50th Sparkassen Open A"]
[Site "Dortmund GER"]
[Date "2023.07.01"]
[Round "8.5"]
[White "Seemann, Jakub"]
[Black "Kobo, Ori"]
[Result "1/2-1/2"]
[WhiteTitle "FM"]
[BlackTitle "GM"]
[WhiteElo "2446"]
[BlackElo "2556"]
[WhiteFideId "21874697"]
[BlackFideId "2812320"]
[EventDate "2023.06.24"]

1. e4 g6 2. d4 Bg7 3. Nc3 d6 4. f4 Nf6 5. Nf3 O-O 6. Bd3 Nc6 7. e5 dxe5 8. dxe5
Nd5 9. Nxd5 Qxd5 10. Qe2 Bg4 11. c3 Rad8 12. Be4 Qd7 13. O-O f6 14. Qb5 Nxe5 15.
Qxb7 Nxf3+ 16. Bxf3 Bxf3 17. Qxf3 Qb5 18. Qf2 a5 19. Be3 Rd5 20. Qc2 Rfd8 21.
Rad1 Rxd1 22. Rxd1 Rxd1+ 23. Qxd1 Qxb2 24. Qd5+ Kf8 25. Qd8+ 1/2-1/2